000 00626cam a2200217 4500500
005 20260405003547.0
041 _afre
042 _adc
100 1 0 _aLarmagnac-Matheron, Octave
_eauthor
245 0 0 _a“Fatigue informationnelle”
260 _c2022.
500 _a96
690 _aAccumulation
690 _aByung-Chul Han
690 _aFatigue
690 _aInformation
690 _aMasse
690 _aSanté
786 0 _nPhilosophie magazine | 163 | 10 | 2022-10-01 | p. 7-7 | 1951-1787
856 4 1 _uhttps://shs.cairn.info/magazine-philosophie-magazine-2022-10-page-7?lang=fr&redirect-ssocas=7080
999 _c2068742
_d2068742